LEADER 00975nam0 2200265 450 001 000037753 005 20140805115946.0 010 $a0-300-03175-0 100 $a20140805d1984----km-y0itaa50------ba 101 0 $aeng 102 $aGB 200 1 $aWilliam Godwin$fPeter H. Marshall 210 $aNew Haven ; London$cYale University Press$d1984 215 $aX, 497 p.$cill.$d24 cm. 600 1$aGodwin,$bWilliam$f<1756-1836>$xBiografie 676 $a828.609$v(22. ed.)$9Scritti miscellanei in lingua inglese. 1745-1799. Storia, descrizione, studi critici 700 1$aMarshall,$bPeter H.$0173653 801 0$aIT$bUniversità della Basilicata - B.I.A.$gREICAT$2unimarc 912 $a000037753 996 $aWilliam Godwin$999934 997 $aUNIBAS BAS $aLETTERE CAT $aEXT017$b01$c20140805$lBAS01$h1159 FMT Z30 -1$lBAS01$LBAS01$mBOOK$1BASA1$APolo Storico-Umanistico$2DSLF$BCollezione DiSLF$3DF/E797$61288$5F1288$820140805$f04$FPrestabile Didattica